Fellowship of the Ring Quiz - Statistics

General Stats
  • This quiz has been taken 18 times
  • The average score is 13 of 15
Answer Stats
Hint Answer % Correct
The One Ring-bearer Frodo Baggins
100%
Grey wizard Gandalf
100%
Dwarf who wields an axe Gimli
100%
Older cousin of above Meriadoc Brandybuck
100%
"Fool of a Took" Peregrin Took
100%
The One Ring-bearer's best friend Samwise Gamgee
100%
Ranger of the North who torches the Nazgul Aragorn
94%
Dexterous Elf who is skilled with the bow Legolas
94%
White wizard Saruman
94%
Gets arrowed by an Uruk-hai and dies Boromir
88%
Demon that the grey wizard fights in the Mines of Moria Balrog
81%
Release year 2001
75%
Founder of Rivendell Elrond
69%
Fairest realm of the Elves Lothlorien
56%
Password to the Mines of Moria Mellon
50%
No matching quizzes found
Score Distribution
Percent of People with Each Score
Percentile by Number Answered
Your Score History
You have not taken this quiz